Medicinal plants of the world : an illustrated scientific guide to important medicinal plants and their uses (Record no. 356657)

MARC details
000 -LEADER
fixed length control field 00375nam a2200097Ia 4500
082 ## - DEWEY DECIMAL CLASSIFICATION NUMBER
Classification number 581.634 VANW
008 - FIXED-LENGTH DATA ELEMENTS--GENERAL INFORMATION
fixed length control field 210817s9999 xx 000 0 und d
100 ## - MAIN ENTRY--PERSONAL NAME
Personal name VAN WYK, Ben-Erik ** Pretoria, 2R4 ** 1st ed., 2nd rev. impr ** *
9 (RLIN) 88117
245 #0 - TITLE STATEMENT
Title Medicinal plants of the world : an illustrated scientific guide to important medicinal plants and their uses
942 ## - ADDED ENTRY ELEMENTS
item type Books
Holdings
Withdrawn status Lost status Damaged status Not for loan Home library Current library Date acquired Cost, normal purchase price Total Checkouts Barcode Date last seen Price effective from item type
        Kamaqhekeza Kamaqhekeza 20.08.2021 19.00   3228200007420 20.08.2021 20.08.2021 Books